¿Tiene el presupuesto participativo algún efecto en la calidad de los servicios públicos? : (Registro nro. 12814)

Detalles MARC
000 -LEADER
campo de control de longitud fija 02324cam a22005894i 4500
003 - IDENTIFICADOR DE NÚMERO DE CONTROL
campo de control PE-LiUPU
005 - FECHA Y HORA DE LA ÚLTIMA TRANSACCIÓN
campo de control 20250731165444.0
008 - DATOS DE LONGITUD FIJA--INFORMACIÓN GENERAL
campo de control de longitud fija 140923s2013 pe a rb 000 0 spa d
020 ## - NÚMERO INTERNACIONAL ESTÁNDAR DEL LIBRO
Número Internacional Estándar del Libro 9789972615719
020 ## - NÚMERO INTERNACIONAL ESTÁNDAR DEL LIBRO
Número Internacional Estándar del Libro 9972615715
035 ## - NÚMERO DE CONTROL DEL SISTEMA
Número de control de sistema (Sirsi) i9789972615719
040 ## - FUENTE DE CATALOGACIÓN
Centro catalogador/agencia de origen PUCPR
Lengua de catalogación spa
Centro/agencia transcriptor PUCPR
Centro/agencia modificador PE-LiUPU
Normas de descripción rda
050 #4 - SIGNATURA TOPOGRÁFICA DE LA BIBLIOTECA DEL CONGRESO
Número de clasificación HD 1696.P4
Número de ítem J24
082 04 - NÚMERO DE LA CLASIFICACIÓN DECIMAL DEWEY
Número de clasificación 001.42
Cutter DI8 66
100 1# - ENTRADA PRINCIPAL--NOMBRE DE PERSONA
Nombre de persona Jaramillo, Miguel,
Término indicativo de función/relación autor.
245 11 - MENCIÓN DEL TÍTULO
Título ¿Tiene el presupuesto participativo algún efecto en la calidad de los servicios públicos? :
Resto del título el caso del sector del agua y saneamiento en el Perú /
Mención de responsabilidad, etc. Miguel Jaramillo, Lorena Alcázar.
246 30 - FORMA VARIANTE DEL TITULO
Título propio/Titulo breve Caso del sector del agua y saneamiento en el Perú
264 #1 - PRODUCCIÓN, PUBLICACIÓN, DISTRIBUCIÓN, FABRICACIÓN Y COPYRIGHT
Producción, publicación, distribución, fabricación y copyright Lima :
Nombre del de productor, editor, distribuidor, fabricante Grupo de Análisis para el Desarrollo (GRADE),
Fecha de producción, publicación, distribución, fabricación o copyright [2013]
300 ## - DESCRIPCIÓN FÍSICA
Extensión 82 páginas :
Otras características físicas ilustraciones ;
Dimensiones 23 centímetros.
336 ## - TIPO DE CONTENIDO
Término de tipo de contenido text
Fuente rdacontent
337 ## - TIPO DE MEDIO
Nombre/término del tipo de medio unmediated
Fuente rdamedia
338 ## - TIPO DE SOPORTE
Nombre/término del tipo de soporte volume
Fuente rdacarrier
490 0# - MENCIÓN DE SERIE
Mención de serie Documento de investigación ;
Designación de volumen o secuencia 67
500 ## - NOTA GENERAL
Nota general En la cubierta: "Reforma del Estado e instituciones públicas".
504 ## - NOTA DE BIBLIOGRAFÍA, ETC.
Nota de bibliografía, etc. Bibliografía :páginas 79-82.
505 0# - NOTA DE CONTENIDO CON FORMATO
Nota de contenido con formato Marco conceptual -- El marco institucional -- Métodos -- Datos .. Determinantes del PP -- Resultados y discusión -- Conclusiones e implicancias de política.
526 ## - NOTA DE INFORMACIÓN SOBRE EL PROGRAMA DE ESTUDIO
Nombre del programa Segunda Especialidad En Estadística Aplicada Para Investigación (A Distancia)
526 ## - NOTA DE INFORMACIÓN SOBRE EL PROGRAMA DE ESTUDIO
Nombre del programa Segunda Especialidad En Estadística Aplicada Para Investigación
526 ## - NOTA DE INFORMACIÓN SOBRE EL PROGRAMA DE ESTUDIO
Nombre del programa Ingeniería De Ciberseguridad
526 ## - NOTA DE INFORMACIÓN SOBRE EL PROGRAMA DE ESTUDIO
Nombre del programa Ingeniería De Ciencia De Datos E Inteligencia Artificial
526 ## - NOTA DE INFORMACIÓN SOBRE EL PROGRAMA DE ESTUDIO
Nombre del programa Ingeniería De Software
526 ## - NOTA DE INFORMACIÓN SOBRE EL PROGRAMA DE ESTUDIO
Nombre del programa
526 ## - NOTA DE INFORMACIÓN SOBRE EL PROGRAMA DE ESTUDIO
Nombre del programa Comunicación Y Periodismo
526 ## - NOTA DE INFORMACIÓN SOBRE EL PROGRAMA DE ESTUDIO
Nombre del programa Maestría En Ingeniería De Sistemas Con Mención En Dirección Y Gestión De Tecnologías De Información (Semipresencial)
526 ## - NOTA DE INFORMACIÓN SOBRE EL PROGRAMA DE ESTUDIO
Nombre del programa Maestría En Ingeniería De Sistemas Con Mención En Dirección Y Gestión De Tecnologías De Información (A Distancia)
526 ## - NOTA DE INFORMACIÓN SOBRE EL PROGRAMA DE ESTUDIO
Nombre del programa Doctorado en ingeniería de sistemas
526 ## - NOTA DE INFORMACIÓN SOBRE EL PROGRAMA DE ESTUDIO
Nombre del programa Maestría en ingeniería de sistemas con mención en Ingeniería de software
526 ## - NOTA DE INFORMACIÓN SOBRE EL PROGRAMA DE ESTUDIO
Nombre del programa Maestría en ingeniería de sistemas con mención en Dirección y gestión de tecnologías de información
526 ## - NOTA DE INFORMACIÓN SOBRE EL PROGRAMA DE ESTUDIO
Nombre del programa Ingeniería de sistemas
526 ## - NOTA DE INFORMACIÓN SOBRE EL PROGRAMA DE ESTUDIO
Nombre del programa Educación secundaria, especialidad matemática e informática
596 ## -
-- 1
650 14 - PUNTO DE ACCESO ADICIONAL DE MATERIA--TÉRMINO DE MATERIA
Término de materia o nombre geográfico como elemento de entrada Agua
Subdivisión general Aspectos económicos
Subdivisión geográfica Perú
650 24 - PUNTO DE ACCESO ADICIONAL DE MATERIA--TÉRMINO DE MATERIA
Término de materia o nombre geográfico como elemento de entrada Finanzas públicas
Subdivisión geográfica Perú
Subdivisión de forma Estudios de caso.
650 24 - PUNTO DE ACCESO ADICIONAL DE MATERIA--TÉRMINO DE MATERIA
Término de materia o nombre geográfico como elemento de entrada Saneamiento
Subdivisión general Aspectos económicos
Subdivisión geográfica Perú.
700 1# - ENTRADA AGREGADA--NOMBRE PERSONAL
Nombre de persona Alcázar, Lorena,
Término indicativo de función/relación author.
910 ## - DATOS DE OPCIÓN DEL USUARIO (OCLC)
Datos de opción del usuario jck
-- ebj
-- ebj
-- 20161004
942 ## - ELEMENTOS DE ENTRADA SECUNDARIOS (KOHA)
Fuente del sistema de clasificación o colocación Clasificación Decimal Dewey
Tipo de ítem Koha
949 ## - PROCESAMIENTO DE INFORMACIÓN LOCAL (OCLC)
a 001.42 DI8 67
w DEWEY
c 1
i 74676
l CCODEBUL1
m BUL
p 5.00
r 0
s Y
t BOOK
u 2004-10-26
x EDUCACION
0 COMPRA
o .STAFF. Colección Ciencias Empresariales
994 ## -
-- C0
-- PEPRU
999 ## - NÚMEROS DE CONTROL DE SISTEMA (KOHA)
-- DEWEY
-- 74676
-- 2021-11-4
-- 5
-- CCODEBUL1
-- BUL
-- 5.00
-- 2
-- 0
-- Y
-- BOOK
-- 2004-10-26
-- BIBLIOTECA
-- P10
-- COMPRA
-- .STAFF. Colección Ciencias Empresariales
980 ## - EQUIVALENCIA O REFERENCIA-CRUZADA-MENCIÓN DE SERIE--NOMBRE DE PERSONA/TÍTULO [LOCAL, CANADÁ]
ID del último usuario que modificó el registro 1
Nombre del último usuario que modificó el registro ALBERTO SANCHEZ Responsable de Automatización
Existencias
Visto por última vez Número de inventario Total de préstamos Signatura topográfica completa Código de barras Copia número Coste, precio de reemplazo Fecha de reemplazo Facultad Tipo de ítem Koha Nota pública Estado de pérdida Fuente del sistema de clasificación o colocación Restricciones de uso No para préstamo Colección Programa académico Biblioteca de origen Biblioteca actual Ubicación en estantería Fecha de adquisición Fuente de adquisición Coste, precio normal de compra
2025-12-02 6   001.42 DI8 67 74676 e1 10.00 2004-10-26 FACIHED Libros físicos inventario-2023-12-13 No Perdido Clasificación Decimal Dewey No restringido Disponible para préstamos Colección General Educación secundaria, especialidad ambiental, biología y química Biblioteca CRAI UPeU Lima Biblioteca CRAI UPeU Lima Sala principal 2004-10-26 COMPRA 5.00